UBT Library

The interActive reader. (Record no. 42469)

000 -LEADER
fixed length control field 00555cam a2200217 a 4500
001 - CONTROL NUMBER
control field 12383158
005 - DATE AND TIME OF LATEST TRANSACTION
control field 20180214040049.0
008 - FIXED-LENGTH DATA ELEMENTS--GENERAL INFORMATION
fixed length control field 010418s2001 ilua 000 0 eng
010 ## - LIBRARY OF CONGRESS CONTROL NUMBER
LC control number 2001523723
020 ## - INTERNATIONAL STANDARD BOOK NUMBER
International Standard Book Number 0618007830
040 ## - CATALOGING SOURCE
Original cataloging agency DLC
Transcribing agency DLC
Modifying agency DLC
041 ## - LANGUAGE CODE
Language code of text/sound track or separate title eng
080 ## - UNIVERSAL DECIMAL CLASSIFICATION NUMBER
Universal Decimal Classification number 428.6 LIT
082 00 - DEWEY DECIMAL CLASSIFICATION NUMBER
Classification number 428.6 LIT
Edition number 21
100 ## - Rafti
Rafti 48
101 ## - Shkurtesa
Shkurtesa EDU
245 04 - TITLE STATEMENT
Title The interActive reader.
906 ## - LOCAL DATA ELEMENT F, LDF (RLIN)
a 7
b cbc
c orignew
d 2
e ncip
f 20
g y-gencatlg
942 ## - ADDED ENTRY ELEMENTS (KOHA)
Source of classification or shelving scheme
Item type Books
Holdings
Withdrawn status Lost status Source of classification or shelving scheme Damaged status Not for loan Collection code Permanent location Current location Shelving location Date acquired Total Checkouts Full call number Barcode Date last seen Price effective from Koha item type
          Koleksioni i përgjithshem UBT - Lipjan UBT - Lipjan Koleksioni i përgjithshem 02/14/2018   428.6 LIT 002-2998124 02/14/2018 02/14/2018 Books
          Koleksioni i përgjithshem UBT - Lipjan UBT - Lipjan Koleksioni i përgjithshem 02/14/2018   428.6 LIT 002-2998158 02/14/2018 02/14/2018 Books
          Koleksioni i përgjithshem UBT - Lipjan UBT - Lipjan Koleksioni i përgjithshem 02/14/2018   428.6 LIT 002-2998153 02/14/2018 02/14/2018 Books
          Koleksioni i përgjithshem UBT - Lipjan UBT - Lipjan Koleksioni i përgjithshem 02/14/2018   428.6 LIT 002-2998148 02/14/2018 02/14/2018 Books
          Koleksioni i përgjithshem UBT - Lipjan UBT - Lipjan Koleksioni i përgjithshem 02/14/2018   428.6 LIT 002-2998143 02/14/2018 02/14/2018 Books
          Koleksioni i përgjithshem UBT - Lipjan UBT - Lipjan Koleksioni i përgjithshem 02/14/2018   428.6 LIT 002-2998138 02/14/2018 02/14/2018 Books
UBT Library © 2015-2024. All rights reserved University Education for Business and Technology